000 00518nam a2200133Ia 4500
008 220620s9999||||xx |||||||||||||| ||und||
100 _aMoonen, Tim||Clark, Greg||Nunley, Jack
245 0 _aLondon
_bMobility city (Volume 4)
546 _aEnglish[eng]
650 _aBusiness & Economics||Finance
700 _aEuropean Investment Bank
856 _uhttps://library.oapen.org/bitstream/20.500.12657/47424/1/QH0618218ENN.en.pdf||https://library.oapen.org/bitstream/20.500.12657/47424/1/QH0618218ENN.en.pdf
942 _cEB
999 _c28194
_d28194